[Event "European zonal 2"]
[Site "Helsinki FIN"]
[Date "1972.??.??"]
[Round "8"]
[White "Ribli, Zoltan"]
[Black "Timman, Jan"]
[Result "1-0"]
[WhiteElo "2505"]
[BlackElo "2325"]
[EventDate "1972.07.25"]
[PlyCount "75"]

1.e4 d6 2.d4 Nf6 3.Nc3 g6 4.f4 Bg7 5.Nf3 O-O 6.e5 Nfd7 7.Bc4 Nb6 8.Be2 
dxe5 9.fxe5 Nc6 10.O-O Bg4 11.Be3 f6 12.exf6 exf6 13.a4 Re8 14.Bf2 a5 15.
h3 Be6 16.b3 Nb4 17.Qd2 c6 18.Nd1 Bf8 19.c4 Nc8 20.Nc3 Nd6 21.Ne1 Bf5 22.
Rd1 Qd7 23.Bh4 g5 24.Bg3 Kg7 25.Nd3 Bg6 26.Ne5 Qe7 27.Nxg6 hxg6 28.Bf2 Ne4
29.Nxe4 Qxe4 30.Bf3 Qf5 31.d5 c5 32.d6 Red8 33.Bg3 Qc2 34.Qe3 Re8 35.Qxc5 
Qxb3 36.Qc7+ Kh6 37.d7 Red8 38.Bxb7 1-0

[Event "European zonal 2"]
[Site "Helsinki FIN"]
[Date "1972.??.??"]
[Round "8"]
[White "Saren, Ilkka"]
[Black "Hennings, Artur"]
[Result "1/2-1/2"]
[WhiteElo "2200"]
[BlackElo "2475"]
[EventDate "1972.07.25"]
[PlyCount "62"]

1.e4 e5 2.Nf3 Nc6 3.Bb5 a6 4.Ba4 Nf6 5.O-O Be7 6.Re1 b5 7.Bb3 d6 8.c3 O-O 
9.h3 h6 10.d4 Re8 11.Nbd2 Bf8 12.Nf1 Bb7 13.Ng3 Na5 14.Bc2 Nc4 15.b3 Nb6 
16.Bd2 c5 17.d5 Bc8 18.a4 bxa4 19.bxa4 a5 20.Be3 g6 21.Nd2 Bg7 22.Ra2 h5 
23.Bg5 Qc7 24.c4 Nh7 25.Be3 Nd7 26.Ne2 Nb8 27.Nc3 Na6 28.Nb5 Qe7 29.Ra3 
Nb4 30.Bb1 f6 31.f4 h4 1/2-1/2

[Event "European zonal 2"]
[Site "Helsinki FIN"]
[Date "1972.??.??"]
[Round "8"]
[White "Torvaldsson, Jonas"]
[Black "Ogaard, Leif"]
[Result "0-1"]
[WhiteElo "2390"]
[BlackElo "2340"]
[EventDate "1972.07.25"]
[PlyCount "80"]

1.Nf3 c5 2.c4 Nc6 3.g3 g6 4.Bg2 Bg7 5.O-O e6 6.e3 Nge7 7.Qe2 O-O 8.Rd1 e5 
9.Nc3 d6 10.h3 h6 11.d3 Be6 12.a3 Qd7 13.Kh2 d5 14.cxd5 Nxd5 15.Ne4 b6 16.
Bd2 f5 17.Nc3 Nde7 18.b4 cxb4 19.axb4 Nxb4 20.Nxe5 Bxe5 21.d4 Bg7 22.Bxa8 
Rxa8 23.Na4 Nbd5 24.f3 Re8 25.Nb2 Nf6 26.Rdc1 Bd5 27.Nd3 Nc6 28.Qf2 Bf8 
29.Bc3 Bd6 30.Re1 g5 31.Rad1 Qc7 32.Ne5 Nxe5 33.dxe5 Bxe5 34.Bxe5 Qxe5 35.
Rd4 a5 36.Re2 b5 37.f4 Qe6 38.fxg5 hxg5 39.Re1 Ng4+ 40.hxg4 Qh6+ 0-1

[Event "European zonal 2"]
[Site "Helsinki FIN"]
[Date "1972.??.??"]
[Round "9"]
[White "Hennings, Artur"]
[Black "Andersson, Ulf"]
[Result "1/2-1/2"]
[WhiteElo "2475"]
[BlackElo "2510"]
[EventDate "1972.07.25"]
[PlyCount "96"]

1.e4 g6 2.d4 Bg7 3.Nc3 c6 4.Nf3 d6 5.Be2 Nf6 6.O-O O-O 7.h3 Nbd7 8.Be3 b5 
9.e5 Ne8 10.Bf4 Bb7 11.Re1 a6 12.a3 c5 13.exd6 Nxd6 14.dxc5 Nxc5 15.Be5 
Nf5 16.Bxg7 Kxg7 17.g4 Nh6 18.Qxd8 Rfxd8 19.Kh2 Ng8 20.Red1 Nf6 21.Ne1 e5 
22.Nd3 Nxd3 23.Rxd3 Rxd3 24.Bxd3 Rd8 25.Re1 Nd7 26.Be4 Bxe4 27.Nxe4 Nb6 
28.g5 Nc4 29.b3 Nxa3 30.c3 a5 31.Nf6 a4 32.bxa4 bxa4 33.Ra1 Nb5 34.Rxa4 
Nxc3 35.Ra5 h6 36.h4 Rd4 37.Kh3 hxg5 38.hxg5 Ne4 39.Nxe4 Rxe4 40.f3 Re2 
41.Ra8 Rd2 42.Re8 Rd5 43.Kg4 Rb5 44.Kh4 f5 45.gxf6+ Kxf6 46.Kg3 Rb3 47.Kg4
Rb4+ 48.Kg3 Rc4 1/2-1/2

[Event "European zonal 2"]
[Site "Helsinki FIN"]
[Date "1972.??.??"]
[Round "9"]
[White "Jakobsen, Ole"]
[Black "Hecht, Hans-Joachim"]
[Result "1/2-1/2"]
[WhiteElo "2310"]
[BlackElo "2485"]
[EventDate "1972.07.25"]
[PlyCount "130"]

1.Nf3 Nf6 2.c4 e6 3.g3 b6 4.Bg2 Bb7 5.O-O Be7 6.Nc3 O-O 7.d3 c5 8.e4 d6 9.
Ne1 Nc6 10.f4 Nd7 11.g4 Nd4 12.Be3 e5 13.f5 Bg5 14.Qd2 h6 15.Nd1 Bc6 16.
Nf3 Nxf3+ 17.Bxf3 b5 18.Bxg5 Qxg5 19.Qe1 Qe7 20.Rc1 g5 21.Rc2 f6 22.h4 Kg7
23.Rh2 Rh8 24.Kf2 Nf8 25.Ke3 Nh7 26.cxb5 Bxb5 27.Nc3 Bc6 28.Bd1 gxh4 29.
Bb3 Ng5 30.Qxh4 Qb7 31.Bc4 Rad8 32.Nd5 Be8 33.Qf2 Bf7 34.Qc2 Rh7 35.Rfh1 
Rdh8 36.Qa4 Be8 37.Qa5 Bc6 38.b3 Nf7 39.Kf3 Ng5+ 40.Ke2 Qd7 41.Ke3 h5 42.
gxh5 Bxd5 43.Bxd5 Kh6 44.a3 Rb8 45.Rg2 Rg7 46.Qc3 Qc7 47.Ke2 a5 48.Rhg1 
Rf8 49.Qd2 Qb6 50.Bc4 Qc7 51.Kd1 Qb6 52.Kc2 Qc7 53.Kb2 Qb6 54.Ka2 Qc7 55.
Bd5 Qb6 56.Rc1 Rb8 57.Rcg1 Rf8 58.Qc1 Qd8 59.Qc4 Qb6 60.Qa4 Rc8 61.Qc4 Qa7
62.Rg3 Rf8 63.Bc6 Rgg8 64.Qd5 Qc7 65.Bb5 Rg7 1/2-1/2

[Event "European zonal 2"]
[Site "Helsinki FIN"]
[Date "1972.??.??"]
[Round "9"]
[White "Matanovic, Aleksandar"]
[Black "Saren, Ilkka"]
[Result "1-0"]
[WhiteElo "2515"]
[BlackElo "2200"]
[EventDate "1972.07.25"]
[PlyCount "62"]

1.e4 e5 2.Nf3 Nc6 3.Bb5 a6 4.Ba4 Nf6 5.O-O Be7 6.Re1 b5 7.Bb3 O-O 8.a4 Bb7
9.d3 b4 10.Nbd2 d6 11.Nc4 Nd7 12.c3 a5 13.Be3 Bf6 14.Ncd2 Rb8 15.Bc4 g6 
16.Qc2 Bg7 17.Bd5 bxc3 18.bxc3 Ne7 19.Ba2 c5 20.Nc4 Qc7 21.Bg5 Rfe8 22.Ne3
h6 23.Qb3 d5 24.Bxe7 Rxe7 25.exd5 Nf6 26.Rab1 Ree8 27.Qb6 Qd7 28.Qa7 e4 
29.Ne5 Qc8 30.d4 cxd4 31.cxd4 Ba8 1-0

[Event "European zonal 2"]
[Site "Helsinki FIN"]
[Date "1972.??.??"]
[Round "9"]
[White "Ogaard, Leif"]
[Black "Radulov, Ivan"]
[Result "1/2-1/2"]
[WhiteElo "2340"]
[BlackElo "2490"]
[EventDate "1972.07.25"]
[PlyCount "159"]

1.d4 d5 2.c4 dxc4 3.Nf3 Nf6 4.e3 e6 5.Bxc4 c5 6.O-O a6 7.a4 Nc6 8.Qe2 Qc7 
9.Nc3 Bd6 10.h3 O-O 11.Rd1 b6 12.d5 exd5 13.Bxd5 Bb7 14.e4 Rae8 15.Be3 Bc8
16.Qd2 Ne5 17.Ne1 Rd8 18.Bg5 Be7 19.f4 Nc6 20.e5 Ne8 21.Bxe7 Qxe7 22.Qf2 
Nb4 23.Be4 Nc7 24.Nc2 a5 25.Ne3 Rd4 26.Nc2 Nxc2 27.Qxc2 g6 28.Ne2 Rb4 29.
Nc3 Be6 30.Rd6 f5 31.Bf3 Rxf4 32.Rxb6 Rb4 33.Rxb4 cxb4 34.Nb5 Nd5 35.Qc6 
Rc8 36.Qd6 Rd8 37.Qxe7 Nxe7 38.Nd6 Nc8 39.Nb7 Rd2 40.Nxa5 Rxb2 41.Nc6 b3 
42.Nd4 Kf7 43.Rc1 Ne7 44.Rc7 Ra2 45.Rb7 b2 46.Kh2 Bc8 47.Rb6 Rxa4 48.Ne2 
Ra2 49.Nc3 Ra3 50.Ne2 Re3 51.Rxb2 Rxe5 52.Nd4 Rc5 53.Rb6 Ng8 54.Bd1 Nf6 
55.Bb3+ Kg7 56.Nf3 Rc7 57.Be6 Bb7 58.Nd4 Be4 59.Bb3 Rc1 60.Ra6 Nh5 61.Ra2 
Nf4 62.Ne6+ Nxe6 63.Bxe6 Kf6 64.Bb3 Ke5 65.Bg8 h6 66.Bf7 f4 67.Re2 Kd4 68.
Rxe4+ Kxe4 69.Bxg6+ Ke3 70.Bh5 Rf1 71.Bg4 Kd2 72.Bh5 Ke1 73.Bg4 Rf2 74.Kg1
Rf1+ 75.Kh2 Kd2 76.Bh5 Ke3 77.Bg4 Ke4 78.Be2 Rf2 79.Bg4 Ke5 80.Kg1 1/2-1/2

[Event "European zonal 2"]
[Site "Helsinki FIN"]
[Date "1972.??.??"]
[Round "9"]
[White "Robatsch, Karl"]
[Black "Torvaldsson, Jonas"]
[Result "1/2-1/2"]
[WhiteElo "2460"]
[BlackElo "2390"]
[EventDate "1972.07.25"]
[PlyCount "66"]

1.e4 d6 2.d4 Nf6 3.Nc3 g6 4.Nf3 Bg7 5.Be2 O-O 6.O-O c6 7.a4 a5 8.h3 Nfd7 
9.Be3 e5 10.Qd2 Na6 11.Rfd1 Qe8 12.Bh6 Nb4 13.Rac1 Qe7 14.Bc4 Bxh6 15.Qxh6
Qf6 16.dxe5 Nxe5 17.Nxe5 dxe5 18.Rd2 Be6 19.Bxe6 fxe6 20.Rcd1 Rad8 21.Rxd8
Rxd8 22.Rd2 Qe7 23.Ne2 Rd6 24.Kh2 Qd8 25.Rxd6 Qxd6 26.c3 Na6 27.h4 Qf8 28.
Qe3 Qe7 29.g3 Qc5 30.Qf3 Qf8 31.Qe3 Qc5 32.Qf3 Qf8 33.Qe3 Qc5 1/2-1/2

[Event "European zonal 2"]
[Site "Helsinki FIN"]
[Date "1972.??.??"]
[Round "9"]
[White "Schmidt, Wlodzimierz"]
[Black "Gheorghiu, Florin"]
[Result "0-1"]
[WhiteElo "2450"]
[BlackElo "2520"]
[EventDate "1972.07.25"]
[PlyCount "98"]

1.c4 e5 2.Nc3 Nc6 3.Nf3 f5 4.d4 e4 5.Ng5 Be7 6.Nh3 Nf6 7.e3 O-O 8.Be2 Kh8 
9.a3 d5 10.Nf4 dxc4 11.Bxc4 Bd6 12.g3 Ne7 13.b4 Bxf4 14.gxf4 Ned5 15.Qb3 
Be6 16.b5 Qd7 17.Na4 b6 18.Bd2 Qf7 19.Nb2 Rfc8 20.Qa4 c6 21.bxc6 a6 22.Be2
b5 23.Qc2 Bd7 24.a4 Rxc6 25.Qb3 Rb8 26.axb5 axb5 27.Ra7 Qe8 28.Rg1 Rc7 29.
Rxc7 Nxc7 30.Bb4 Be6 31.Qc2 Ncd5 32.Bc5 Nd7 33.Bd6 Rc8 34.Qd2 Nc3 35.d5 
Bxd5 36.Qd4 Nf6 37.Bf1 Be6 38.Be5 Ncd5 39.Qa7 Qd7 40.Qxd7 Bxd7 41.Kd2 Ng4 
42.Bd4 Nb4 43.Be2 Rc2+ 44.Ke1 Nc6 45.Bd1 Nxd4 46.Bxc2 Nf3+ 47.Kf1 Ngxh2+ 
48.Kg2 Nxg1 49.Kxg1 Nf3+ 0-1

[Event "European zonal 2"]
[Site "Helsinki FIN"]
[Date "1972.??.??"]
[Round "10"]
[White "Gheorghiu, Florin"]
[Black "Jakobsen, Ole"]
[Result "1-0"]
[WhiteElo "2520"]
[BlackElo "2310"]
[EventDate "1972.07.25"]
[PlyCount "69"]

1.c4 e5 2.Nc3 Nf6 3.Nf3 Nc6 4.g3 Bb4 5.Bg2 O-O 6.Nd5 Re8 7.O-O Bf8 8.d3 
Nxd5 9.cxd5 Nb4 10.e4 c6 11.a3 Na6 12.d4 exd4 13.Nxd4 cxd5 14.exd5 d6 15.
b4 Bd7 16.Be3 Nb8 17.Rc1 a6 18.Qc2 Bc8 19.Qc7 Nd7 20.Qxd8 Rxd8 21.Rc7 Ne5 
22.Rfc1 Re8 23.h3 b5 24.Bf1 Be7 25.a4 bxa4 26.b5 Bf6 27.b6 Rb8 28.Nc6 Nxc6
29.dxc6 a3 30.Rxc8 Rbxc8 31.c7 Bb2 32.Rd1 a2 33.Bxa6 a1=Q 34.Rxa1 Bxa1 35.
Bxc8 1-0

[Event "European zonal 2"]
[Site "Helsinki FIN"]
[Date "1972.??.??"]
[Round "10"]
[White "Hecht, Hans-Joachim"]
[Black "Ogaard, Leif"]
[Result "1/2-1/2"]
[WhiteElo "2485"]
[BlackElo "2340"]
[EventDate "1972.07.25"]
[PlyCount "93"]

1.e4 c5 2.Nf3 e6 3.c3 Nf6 4.e5 Nd5 5.d4 cxd4 6.cxd4 d6 7.Nc3 Be7 8.exd6 
Bxd6 9.Bd3 Nf4 10.Bxf4 Bxf4 11.Qe2 g6 12.h4 O-O 13.h5 Nc6 14.g3 Bd6 15.Qe3
Re8 16.hxg6 hxg6 17.Ng5 Bf8 18.Rh8+ Kg7 19.Rh7+ Kg8 20.Qf4 f5 21.Rh8+ Kxh8
22.Nf7+ Kg7 23.Nxd8 Rxd8 24.d5 exd5 25.O-O-O Bd6 26.Qd2 Be6 27.Kb1 Bf7 28.
Ne2 Rh8 29.Bb5 Be5 30.Nf4 d4 31.Nd3 Bf6 32.Nc5 Ne7 33.Nd7 Rad8 34.Qb4 Nd5 
35.Qe1 a6 36.Nxf6 Nxf6 37.Bd3 Rhe8 38.Qb4 Bd5 39.Bc2 Bf3 40.Rd3 Bc6 41.Kc1
Re4 42.Ba4 Bxa4 43.Qxa4 g5 44.Qb4 Rd7 45.Qd2 Rg4 46.f4 Kg6 47.fxg5 1/2-1/2

[Event "European zonal 2"]
[Site "Helsinki FIN"]
[Date "1972.??.??"]
[Round "10"]
[White "Matanovic, Aleksandar"]
[Black "Timman, Jan"]
[Result "1-0"]
[WhiteElo "2515"]
[BlackElo "2325"]
[EventDate "1972.07.25"]
[PlyCount "77"]

1.e4 d6 2.d4 g6 3.Nc3 Bg7 4.f4 c6 5.Bc4 Nh6 6.Nf3 Bg4 7.Bb3 d5 8.exd5 O-O 
9.h3 Bxf3 10.Qxf3 Nf5 11.Ne2 cxd5 12.Bxd5 Nh4 13.Qe4 Nd7 14.Bxb7 Rb8 15.
Bc6 Nf6 16.Qd3 Nd5 17.Qg3 Nf5 18.Qf3 e6 19.c3 Qb6 20.Bxd5 exd5 21.g4 Nd6 
22.O-O Rbe8 23.Ng3 Ne4 24.f5 Nxg3 25.Qxg3 Re2 26.f6 Bxf6 27.Qf3 Re6 28.
Qxd5 Rfe8 29.g5 Bg7 30.Rb1 Qa6 31.Bf4 Qd3 32.Qf3 Qf5 33.Bd2 Qc2 34.Rbe1 
Rxe1 35.Bxe1 Re2 36.Qxf7+ Kh8 37.Qf3 h5 38.gxh6 Bxh6 39.Bg3 1-0

[Event "European zonal 2"]
[Site "Helsinki FIN"]
[Date "1972.??.??"]
[Round "10"]
[White "Matulovic, Milan"]
[Black "Westerinen, Heikki"]
[Result "1/2-1/2"]
[WhiteElo "2525"]
[BlackElo "2450"]
[EventDate "1972.07.25"]
[PlyCount "126"]

1.e4 e5 2.Nf3 Nc6 3.Bb5 a6 4.Ba4 d6 5.O-O Bd7 6.d4 Nf6 7.c3 Be7 8.Re1 O-O 
9.Nbd2 Re8 10.Nf1 h6 11.h3 Bf8 12.Ng3 g6 13.Bc2 Bg7 14.Be3 a5 15.Qd2 Kh7 
16.b3 b5 17.a3 Qb8 18.b4 Qb7 19.Bb3 Re7 20.dxe5 Ne8 21.exd6 Nxd6 22.Bd5 
Be6 23.Bxc6 Qxc6 24.Bd4 f6 25.h4 axb4 26.cxb4 Bf7 27.Qf4 Nc4 28.h5 g5 29.
Qc1 Qe8 30.Qc3 Ra6 31.Nf5 Ree6 32.g4 Kg8 33.Qd3 Qa8 34.Nxg7 Kxg7 35.e5 Kg8
36.a4 Qd5 37.exf6 bxa4 38.Rxe6 Qxe6 39.b5 Qxg4+ 40.Kf1 Qh3+ 41.Kg1 Qg4+ 
42.Kh2 Ra8 43.Re1 Rd8 44.Re7 Qxh5+ 45.Kg3 a3 46.Rxc7 a2 47.Ra7 g4 48.Nh4 
Qe5+ 49.Bxe5 Rxd3+ 50.Kf4 Nxe5 51.Nf5 Rd1 52.Nxh6+ Kf8 53.Ra8+ Be8 54.Rxa2
Nd3+ 55.Kxg4 Rb1 56.Ra7 Ne5+ 57.Kf4 Nf7 58.Nxf7 Bxf7 59.Rb7 Bd5 60.Rb8+ 
Kf7 61.Ke5 Bg2 62.b6 Rb5+ 63.Kd6 Rd5+ 1/2-1/2

[Event "European zonal 2"]
[Site "Helsinki FIN"]
[Date "1972.??.??"]
[Round "10"]
[White "Radulov, Ivan"]
[Black "Robatsch, Karl"]
[Result "1-0"]
[WhiteElo "2490"]
[BlackElo "2460"]
[EventDate "1972.07.25"]
[PlyCount "82"]

1.e4 c5 2.Nf3 d6 3.d4 cxd4 4.Nxd4 Nf6 5.Nc3 Nc6 6.Bg5 Bd7 7.Qd2 Rc8 8.
O-O-O h6 9.Bxf6 gxf6 10.Kb1 Nxd4 11.Qxd4 Qa5 12.f4 Qc5 13.Qd2 e6 14.Be2 
Be7 15.f5 h5 16.Bf3 Qa5 17.Rhe1 Rc5 18.Qf4 Qb4 19.Qe3 Qb6 20.Rd3 Re5 21.
Qf4 h4 22.Red1 Bc6 23.Qd2 Qc7 24.Rd4 Kd8 25.Ne2 h3 26.Nf4 hxg2 27.Qxg2 
exf5 28.exf5 Bxf3 29.Qxf3 Rxh2 30.Rc1 Bf8 31.Qg3 Rh8 32.Qd3 Qd7 33.Nd5 
Rxf5 34.Qa3 Rhh5 35.Rcd1 Qc6 36.Ne3 Ra5 37.Qb3 Rh1 38.Qxf7 Rxd1+ 39.Rxd1 
Be7 40.Nd5 Qe8 41.Qe6 Qd7 1-0

[Event "European zonal 2"]
[Site "Helsinki FIN"]
[Date "1972.??.??"]
[Round "10"]
[White "Ribli, Zoltan"]
[Black "Schmidt, Wlodzimierz"]
[Result "0-1"]
[WhiteElo "2505"]
[BlackElo "2450"]
[EventDate "1972.07.25"]
[PlyCount "66"]

1.e4 c5 2.Nf3 e6 3.d4 cxd4 4.Nxd4 Nc6 5.Nc3 a6 6.Be2 Qc7 7.f4 b5 8.Nxc6 
Qxc6 9.Bf3 Bb7 10.O-O Rc8 11.e5 Qc7 12.Bxb7 Qxb7 13.Qd3 Ne7 14.Be3 Nf5 15.
Bf2 h5 16.Ne4 Be7 17.Rad1 Qc6 18.Rfe1 O-O 19.c3 Rfd8 20.Qf3 g6 21.h3 h4 
22.Rd3 d5 23.exd6 Nxd6 24.Ng5 Nf5 25.Red1 Rxd3 26.Rxd3 e5 27.Ne4 exf4 28.
Qxf4 Qc4 29.Rd7 Qe6 30.Ra7 Rd8 31.b3 Ng3 32.Nxg3 hxg3 33.Bxg3 Bc5+ 0-1

[Event "European zonal 2"]
[Site "Helsinki FIN"]
[Date "1972.??.??"]
[Round "10"]
[White "Saren, Ilkka"]
[Black "Andersson, Ulf"]
[Result "0-1"]
[WhiteElo "2200"]
[BlackElo "2510"]
[EventDate "1972.07.25"]
[PlyCount "90"]

1.e4 e6 2.d4 d5 3.Nd2 b6 4.Ngf3 Nf6 5.Bb5+ c6 6.Bd3 Ba6 7.Bxa6 Nxa6 8.exd5
cxd5 9.Ne5 Bd6 10.Qe2 Nc7 11.Nf1 Qc8 12.Ng3 Qa6 13.Nd3 O-O 14.f4 Rac8 15.
O-O g6 16.Qf3 Nce8 17.c3 Ng7 18.Ne5 b5 19.a3 Rfe8 20.Bd2 Qb7 21.Rfc1 a5 
22.Be1 Rc7 23.Nd3 Rec8 24.b4 a4 25.Nc5 Qc6 26.Rc2 Nd7 27.Re2 Bf8 28.Nh1 
Nf5 29.g4 Nd6 30.Nf2 Bg7 31.Nfd3 Nf6 32.Ne5 Qa8 33.Raa2 Nfe4 34.Ned3 Re8 
35.h3 f6 36.Nf2 e5 37.Nfxe4 dxe4 38.Qg3 exd4 39.cxd4 f5 40.Bf2 Qd5 41.Red2
Nc4 42.Rd1 e3 43.Be1 e2 44.Rd3 Bxd4+ 45.Kh2 Ne3 0-1

[Event "European zonal 2"]
[Site "Helsinki FIN"]
[Date "1972.??.??"]
[Round "10"]
[White "Torvaldsson, Jonas"]
[Black "Hennings, Artur"]
[Result "0-1"]
[WhiteElo "2390"]
[BlackElo "2475"]
[EventDate "1972.07.25"]
[PlyCount "120"]

1.c4 Nf6 2.Nf3 c6 3.b3 d5 4.Bb2 Bg4 5.e3 e6 6.Be2 Nbd7 7.O-O Bd6 8.d4 O-O 
9.Nbd2 Qc7 10.h3 Bh5 11.Rc1 Rfe8 12.a3 a6 13.b4 Qb8 14.cxd5 exd5 15.Nb3 
Ne4 16.Nc5 Nb6 17.Nxe4 dxe4 18.Nd2 Bxe2 19.Qxe2 Nd5 20.Qg4 g6 21.h4 Qd8 
22.Nc4 Bc7 23.Ne5 Qe7 24.Qh3 f6 25.Nc4 Qe6 26.Qxe6+ Rxe6 27.Na5 Bxa5 28.
bxa5 f5 29.g3 Rc8 30.Bc3 h6 31.Bd2 Rc7 32.Rc5 g5 33.hxg5 hxg5 34.Kg2 Rh6 
35.Rh1 Rxh1 36.Kxh1 Kf7 37.Kg2 Ke6 38.Rc1 Rh7 39.Rb1 Nf6 40.Bc3 Ng4 41.Be1
Nh2 42.Bb4 Nf3 43.Rh1 Rxh1 44.Kxh1 g4 45.Kg2 Kd5 46.Kf1 Kc4 47.Ke2 Ng5 48.
Kd2 Kb3 49.Be7 Ne6 50.Bd6 Kb2 51.Kd1 Kc3 52.Kc1 Ng5 53.Bb4+ Kd3 54.Kd1 Nf3
55.Be7 Ng1 56.Bb4 Ne2 57.Be7 Nc3+ 58.Ke1 Na4 59.Bf6 Nb2 60.Be7 Nc4 0-1

[Event "European zonal 2"]
[Site "Helsinki FIN"]
[Date "1972.??.??"]
[Round "11"]
[White "Andersson, Ulf"]
[Black "Torvaldsson, Jonas"]
[Result "1/2-1/2"]
[WhiteElo "2510"]
[BlackElo "2390"]
[EventDate "1972.07.25"]
[PlyCount "83"]

1.Nf3 Nf6 2.g3 g6 3.b3 Bg7 4.Bb2 O-O 5.Bg2 d5 6.c4 c5 7.cxd5 Nxd5 8.Bxg7 
Kxg7 9.Qc1 Qd6 10.Nc3 Nf6 11.Qb2 Kg8 12.Rc1 Bd7 13.O-O Bc6 14.Rfd1 e5 15.
e3 Qe7 16.d4 cxd4 17.exd4 exd4 18.Rxd4 Nbd7 19.Re1 Qc5 20.b4 Qb6 21.Rd6 
Qc7 22.Red1 Rac8 23.Ne2 Ba4 24.R1d4 Rfe8 25.b5 Qc2 26.Qxc2 Rxc2 27.Rxa4 
Rexe2 28.Rad4 Rc1+ 29.Bf1 Re7 30.Kg2 Kg7 31.Ra4 Nc5 32.Rc4 Rxc4 33.Bxc4 
Nce4 34.Rd8 Nd7 35.Bd5 Nb6 36.Bxe4 Rxe4 37.Rb8 Re7 38.Nd4 Rd7 39.Nb3 Na4 
40.Na5 b6 41.Nc6 Nc3 42.a4 1/2-1/2

[Event "European zonal 2"]
[Site "Helsinki FIN"]
[Date "1972.??.??"]
[Round "11"]
[White "Hennings, Artur"]
[Black "Radulov, Ivan"]
[Result "0-1"]
[WhiteElo "2475"]
[BlackElo "2490"]
[EventDate "1972.07.25"]
[PlyCount "64"]

1.e4 c5 2.Nf3 Nc6 3.d4 cxd4 4.Nxd4 Nf6 5.Nc3 d6 6.Bc4 Qb6 7.Nb3 e6 8.O-O 
Be7 9.Bd3 O-O 10.Be3 Qc7 11.f4 a6 12.Qf3 b5 13.a4 b4 14.Nb1 a5 15.N1d2 Bb7
16.Bf2 e5 17.Rae1 exf4 18.Qxf4 Ne5 19.Nd4 Nfg4 20.N2f3 Nxf2 21.Rxf2 Bf6 
22.Nf5 Qc5 23.Re3 Bc8 24.Nxe5 Bxe5 25.Nh6+ gxh6 26.Rg3+ Kh8 27.Qxh6 Be6 
28.Kf1 Rg8 29.Rf5 Rxg3 30.hxg3 Bxf5 31.exf5 Bg7 32.Qh3 Qe5 0-1

[Event "European zonal 2"]
[Site "Helsinki FIN"]
[Date "1972.??.??"]
[Round "11"]
[White "Ogaard, Leif"]
[Black "Gheorghiu, Florin"]
[Result "1/2-1/2"]
[WhiteElo "2340"]
[BlackElo "2520"]
[EventDate "1972.07.25"]
[PlyCount "39"]

1.d4 Nf6 2.c4 c5 3.d5 b5 4.cxb5 a6 5.bxa6 Bxa6 6.Nc3 d6 7.e4 Bxf1 8.Kxf1 
g6 9.Nf3 Bg7 10.h3 O-O 11.Kg1 Nbd7 12.Kh2 Qb6 13.Re1 Ne8 14.Re2 Ne5 15.
Nxe5 Bxe5+ 16.Kh1 Nc7 17.Bg5 Rfe8 18.Rc1 Ra7 19.Qd3 Qa6 20.Qd2 1/2-1/2

[Event "European zonal 2"]
[Site "Helsinki FIN"]
[Date "1972.??.??"]
[Round "11"]
[White "Robatsch, Karl"]
[Black "Hecht, Hans-Joachim"]
[Result "0-1"]
[WhiteElo "2460"]
[BlackElo "2485"]
[EventDate "1972.07.25"]
[PlyCount "84"]

1.e4 Nf6 2.e5 Nd5 3.d4 d6 4.c4 Nb6 5.f4 dxe5 6.fxe5 Nc6 7.Be3 Bf5 8.Nc3 e6
9.Nf3 Qd7 10.Be2 O-O-O 11.O-O Bg4 12.c5 Nd5 13.Nxd5 Qxd5 14.Qe1 Be7 15.Rd1
f6 16.Qc3 fxe5 17.dxe5 Qe4 18.Rxd8+ Rxd8 19.Nd2 Qg6 20.Bb5 Bh3 21.Rf2 Bh4 
22.g3 Be7 23.b4 Qg4 24.a3 Qd1+ 25.Nf1 Qd5 26.Bf4 g5 27.Bd2 Nxe5 28.Be2 g4 
29.Qe3 Nf3+ 30.Bxf3 gxf3 31.Be1 Rf8 32.Qh6 Bxf1 33.Rxf1 Qf5 34.c6 Bg5 35.
cxb7+ Kxb7 36.Qg7 Be3+ 37.Bf2 Bxf2+ 38.Rxf2 Qb1+ 39.Rf1 f2+ 40.Kg2 Qe4+ 
41.Kh3 Qf5+ 42.Kh4 e5 0-1

[Event "European zonal 2"]
[Site "Helsinki FIN"]
[Date "1972.??.??"]
[Round "11"]
[White "Schmidt, Wlodzimierz"]
[Black "Matulovic, Milan"]
[Result "1-0"]
[WhiteElo "2450"]
[BlackElo "2525"]
[EventDate "1972.07.25"]
[PlyCount "87"]

1.Nf3 g6 2.c4 Bg7 3.d4 f5 4.g3 Nf6 5.Bg2 O-O 6.O-O d6 7.Nc3 Nc6 8.d5 Na5 
9.Qa4 b6 10.Qc2 Nxc4 11.Nb5 a6 12.Nbd4 b5 13.Ng5 Re8 14.b3 Ne5 15.Nde6 
Bxe6 16.Nxe6 Qd7 17.f4 Nf7 18.Nxg7 Kxg7 19.Bb2 Rac8 20.e4 fxe4 21.Qxe4 Kg8
22.Qd4 Nh6 23.h3 Nf5 24.Qf2 h5 25.Rfe1 Rf8 26.Bf3 Nh6 27.Re6 c6 28.Rae1 
cxd5 29.g4 hxg4 30.hxg4 Ne4 31.Qd4 Rf6 32.Rxf6 Nxf6 33.Bxd5+ Nf7 34.Be6 
Qb7 35.Qd3 Kg7 36.g5 Rh8 37.gxf6+ exf6 38.Bxf6+ Kxf6 39.Qd4+ Ne5 40.fxe5+ 
Kg5 41.Qe3+ Kh5 42.Re2 g5 43.Qh3+ Kg6 44.Qf5+ 1-0

[Event "European zonal 2"]
[Site "Helsinki FIN"]
[Date "1972.??.??"]
[Round "11"]
[White "Timman, Jan"]
[Black "Saren, Ilkka"]
[Result "1/2-1/2"]
[WhiteElo "2325"]
[BlackElo "2200"]
[EventDate "1972.07.25"]
[PlyCount "237"]

1.c4 e6 2.d4 Nf6 3.Nc3 Bb4 4.e3 c5 5.Bd3 O-O 6.Nf3 d5 7.O-O dxc4 8.Bxc4 
Nc6 9.a3 Bxc3 10.bxc3 Qc7 11.Bb5 Bd7 12.a4 Rfd8 13.Ba3 cxd4 14.cxd4 a6 15.
Be2 Be8 16.Qc2 Rac8 17.Rfc1 Qa5 18.Qb2 Rb8 19.Nd2 Qg5 20.Rc5 Qh4 21.g3 Qh3
22.Bf3 Rd5 23.Rac1 Ng4 24.Nf1 Rdd8 25.Rg5 f5 26.Rc5 Qh6 27.h4 Nf6 28.Qa2 
Bf7 29.Qc2 Nd7 30.d5 Nce5 31.Bg2 Nxc5 32.Qxc5 Qf6 33.dxe6 Bxe6 34.Qc7 Rdc8
35.Qb6 Nc4 36.Bb2 Nxb6 37.Bxf6 g6 38.Be5 Ra8 39.Bxb7 Bf7 40.h5 h6 41.Rxg6+
Bxg6 42.hxg6 Nc4 43.Bf6 Rd8 44.g4 fxg4 45.Ng3 Rd1+ 46.Kg2 Rf8 47.Bd4 Rxd4 
48.exd4 Nd6 49.Bxa6 Ra8 50.Bd3 Rxa4 51.d5 Rd4 52.Bf5 h5 53.Be6+ Kg7 54.Bf7
h4 55.Nh5+ Kf8 56.Be6 Ne8 57.Kh2 Ng7 58.Nxg7 Kxg7 59.Bf7 Rf4 60.Kg2 Rf6 
61.Be8 Kf8 62.Bd7 Rxg6 63.d6 Kf7 64.Bf5 Rg5 65.d7 Ke7 66.Be6 Rg6 67.Bf5 
Rg8 68.Kh2 Rg5 69.Be6 Rg7 70.Kg2 Kd8 71.Bf5 Rg5 72.Be6 Rg6 73.Bf5 Rg7 74.
Be6 Rg5 75.Kg1 Ke7 76.Kg2 Rg7 77.Bf5 Kd8 78.Be6 Rxd7 79.Bxg4 Rh7 80.Bf5 
Rh8 81.f3 Ke7 82.Kh3 Kf6 83.Be4 Kg5 84.Bb7 Rb8 85.Be4 Rb4 86.Bc6 Rc4 87.
Bd5 Rc1 88.Be4 Rg1 89.Bd5 Rg3+ 90.Kh2 Kf4 91.Bc6 Ke3 92.Be4 Kf2 93.Bc6 Rg1
94.Be4 Rc1 95.Bd5 Rd1 96.Be4 Re1 97.Bd5 Rb1 98.Be4 Ra1 99.Bd5 Rb1 100.Be4 
Rd1 101.Bc6 Rf1 102.Be4 Rc1 103.Bd5 Ke3 104.Be4 Kf4 105.Kh3 Ra1 106.Bd5 
Rh1+ 107.Kg2 Rd1 108.Be4 Rd8 109.Kh3 Rg8 110.Bd5 Rg5 111.Be4 Rg1 112.Bd5 
Kg5 113.Be4 Rg3+ 114.Kh2 Kf4 115.Bc6 Ke3 116.Be4 Ke2 117.Bd5 Kf2 118.Bc6 
h3 119.Be4 1/2-1/2

[Event "European zonal 2"]
[Site "Helsinki FIN"]
[Date "1972.??.??"]
[Round "11"]
[White "Westerinen, Heikki"]
[Black "Matanovic, Aleksandar"]
[Result "1-0"]
[WhiteElo "2450"]
[BlackElo "2515"]
[EventDate "1972.07.25"]
[PlyCount "79"]

1.e4 e5 2.Nc3 Nf6 3.f4 d5 4.fxe5 Nxe4 5.Nf3 Be7 6.Qe2 Ng5 7.d4 Ne6 8.Be3 
c6 9.Qd2 b5 10.Bd3 Na6 11.O-O O-O 12.Rf2 Nac7 13.Raf1 f5 14.exf6 Bxf6 15.
Ne2 Bd7 16.Ng3 Be8 17.c3 a5 18.Qc2 g6 19.Bh6 Ng7 20.Ng5 Qe7 21.Nh5 Nxh5 
22.Bxf8 Qxf8 23.g4 Qe7 24.Nxh7 Qxh7 25.gxh5 Bg7 26.hxg6 Qh4 27.Bf5 c5 28.
Qe2 Ra6 29.Rf4 Qg5+ 30.Rg4 Qd8 31.Qg2 Qe7 32.Qh3 Rf6 33.Rg3 cxd4 34.cxd4 
Qb4 35.Qh7+ Kf8 36.Qh4 Qxb2 37.Qf4 Bd7 38.Qxc7 Qxd4+ 39.Kg2 Bxf5 40.Qd8# 
1-0

[Event "European zonal 2"]
[Site "Helsinki FIN"]
[Date "1972.??.??"]
[Round "12"]
[White "Gheorghiu, Florin"]
[Black "Robatsch, Karl"]
[Result "1-0"]
[WhiteElo "2520"]
[BlackElo "2460"]
[EventDate "1972.07.25"]
[PlyCount "65"]

1.Nf3 Nf6 2.c4 e6 3.g3 d5 4.Bg2 Be7 5.O-O O-O 6.d4 dxc4 7.Ne5 Nc6 8.Nxc6 
bxc6 9.Bxc6 Rb8 10.Nc3 Nd5 11.Qa4 Nb4 12.Bg2 a6 13.a3 Bd7 14.Qd1 Nc6 15.d5
Na5 16.Rb1 Bf6 17.Bf4 e5 18.Bd2 Nb3 19.Ne4 Be7 20.Bc3 Bd6 21.f4 exf4 22.
Nxd6 cxd6 23.gxf4 f5 24.Rf3 Be8 25.Rg3 Bg6 26.Kh1 Rb7 27.e3 Re7 28.Qe2 Qc7
29.h4 Be8 30.Rg1 Rff7 31.Bf3 Qc5 32.Bh5 Qxd5+ 33.Kh2 1-0

[Event "European zonal 2"]
[Site "Helsinki FIN"]
[Date "1972.??.??"]
[Round "12"]
[White "Hecht, Hans-Joachim"]
[Black "Hennings, Artur"]
[Result "1/2-1/2"]
[WhiteElo "2485"]
[BlackElo "2475"]
[EventDate "1972.07.25"]
[PlyCount "50"]

1.e4 e5 2.Nf3 Nc6 3.Bb5 f5 4.d4 fxe4 5.Bxc6 bxc6 6.Nxe5 Nf6 7.O-O Bd6 8.
Nc3 O-O 9.Re1 Bb4 10.Bg5 Qe8 11.Bxf6 gxf6 12.Nd3 Bxc3 13.bxc3 Qg6 14.Nf4 
Qf5 15.Qd2 d5 16.f3 exf3 17.gxf3 Bd7 18.Kh1 Kh8 19.Rg1 Rg8 20.Rae1 Rg5 21.
h4 Rgg8 22.Rxg8+ Rxg8 23.Rg1 Rxg1+ 24.Kxg1 Be8 25.Kf2 Bg6 1/2-1/2